[Event "FICGS rapid C 000038 email"]
[Site "FICGS email"]
[Date "2007.10.03"]
[Round "1"]
[White "Vallee, Jean"]
[Black "Willoughby, Peter"]
[Result "0-1"]
[WhiteElo "1300"]
[BlackElo "1261"]
[PlyCount "66"]
[EventDate "2007.??.??"]
[EventType "tourn (rapid)"]
[EventRounds "4"]
[SourceTitle "Corr 2022"]
[Source "ChessBase"]
[SourceDate "2021.10.24"]
[SourceVersion "1"]
[SourceVersionDate "2021.10.24"]
[SourceQuality "1"]

1. e4 e6 2. Nc3 d5 3. d4 Nf6 4. Bd3 c5 5. dxc5 Bxc5 6. Bg5 Be7 7. Nf3 dxe4 8. Nxe4 Nxe4 9. Bxe4 Bxg5 10. 0-0 Qxd1 11. Raxd1 Bf6 12. b3 0-0 13. Rfe1 Nc6 14. c4 Bc3 15. Re3 Bb4 16. Nd4 Nxd4 17. Rxd4 Bc5 18. Rdd3 Bxe3 19. fxe3 Rb8 20. a4 b6 21. b4 Bb7 22. Bxb7 Rxb7 23. b5 f5 24. Rc3 f4 25. a5 bxa5 26. c5 Rxb5 27. c6 fxe3 28. Rxe3 e5 29. c7 Rc8 30. Rd3 Rxc7 31. g4 Rb2 32. h4 Rc1+ 33. Rd1 Rxd1# 0-1